Using weakly annotated data for medical image segmentation based on pre-trained deep neural networks

Gespeichert in:
Bibliographische Detailangaben
1. Verfasser: Hubina, Peter (Verfasst von)
Weitere Verfasser: Jánoš, Igor (Betreuung Doktorarbeit)
Format: Manuskript Buch
Sprache:Slowakisch
Englisch
Veröffentlicht: 2025
Schlagworte:
Online-Zugang:http://is.stuba.sk/zp/portal_zp.pl?podrobnosti=175282
Tags: Tag hinzufügen
Keine Tags, Fügen Sie das erste Tag hinzu!

MARC

LEADER 00000ntm a22000003a 4500
001 stuzp102896
003 SK-STU
005 20250614211731.8
007 ta
008 150427s2015----xo-----f-mn---000-0-slo-d
040 |a STU  |b slo 
041 0 |a eng 
100 1 |a Hubina, Peter  |u 070400  |4 aut  |U FIIT Fakulta informatiky a informačných technológií  |T FIIT Ústav počítačového inžinierstva a aplikovanej informatiky  |X 120805  |U I400  |Y 672  |7 120805 
242 0 1 |a Učenie segmentácie obrazu v oblasti medicíny s využitím slabých anotácií z predtrénovaného modelu  |y slo 
245 1 0 |a Using weakly annotated data for medical image segmentation based on pre-trained deep neural networks 
260 |c 2025 
650 4 |a Weak supervision  |2 eng 
650 4 |a Deep neural networks  |2 eng 
650 4 |a Segmentation  |2 eng 
650 4 |a Hlboké neurónové siete  |2 slo 
650 4 |a Segmentácia  |2 slo 
650 4 |a Slabé anotácie  |2 slo 
700 1 |a Jánoš, Igor  |u 070000  |k Z3  |4 ths  |T FIIT Fakulta informatiky a informačných technológií  |X 30864  |U I  |Y 70  |7 A000030864 
856 4 |u http://is.stuba.sk/zp/portal_zp.pl?podrobnosti=175282